000 00506nam a22001817a 4500
003 UA-OsUOA
001 13299
007 ta
008 20030429b un ||||| |||| 00| 0 ukr d
100 _aБіжнюк М.
942 _cSA
040 _aUA-OsUOA
_cUA-OsUOA
_dUA-OsUOA
245 _aПрацюємо в нових умовах
300 _aС.8
955 _a0
773 0 _w0
_tСарненські новини
_dСарни
_d2003
_g№33/34/3 квіт./
650 7 _aКраєзнавча робота
_2UDC
999 _c299460
_d299460